Multiple Choice JetPunker Quiz - MasterRocket - Statistics

General Stats
  • This quiz has been taken 29 times
    24 since last reset
  • The average score is 6 of 10
Answer Stats
Question Answer % Correct
What language section does he notably contribute to, along with user Gademotsili99? Greek
89%
What is his most taken quiz about in the language above (when translated)? Countries of the world
74%
Which of these blog series is he known for? Message Board Threads with the Most Likes
63%
Who did he impersonate (pretend to be) for April Fool's day, 2025? Quizmaster
58%
Which of the following usernames did he used to have on JetPunk? crl5
53%
What year did he join the JetPunk Discord Server? 2024
47%
How many total levels does he have? 77
47%
Which of these things can NOT be seen on his profile page? Set location
47%
What is his most taken Featured quiz? NBA Champions - Sudden Death
42%
How many Multiple Choice City Quizzes did he contribute to the series? 11
32%
No matching quizzes found
Score Distribution
Percent of People with Each Score
Percentile by Number Answered
Your Score History
You have not taken this quiz since the last reset